=LDR 00000nam 2200000 4500 =001 INLIS000000000047220 =005 20150912133038.0 =006 =007 =008 =020 ##$$a 978-602-249-555-0 =035 ##$$0010-091500000000050 =040 ##$$a ind =082 ##$$a 520 =090 ##$$a 520 $b Lar =100 ##$$a Lari, Sanjaya =245 ##$$a Rumus Saku Ma FiA =260 ##$$a Jakarta $b Bhuana $c 2014 =300 ##$$a xiii, 148 hlm $c 15 cm =850 ##$$a NBPDMAT =990 ##$$a 0001/BPAP-NTB/2015 =990 ##$$a 0001/BPAP-NTB/2015